[Event "Turkish Second League 2019"]
[Site "Konya"]
[Date "2019.07.23"]
[Round "3"]
[White "Sade, Defne"]
[Black "Acar, Ilayda"]
[Result "1-0"]
[WhiteElo "1897"]
[BlackElo "1346"]
[Annotator "NA"]
[PlyCount "79"]
[EventDate "2019.07.22"]
[EventType "team-tourn"]
[EventCountry "TUR"]
[SourceTitle "playchess.com"]
[Source "ChessBase"]
[SourceQuality "1"]
[TimeControl "5400+30"]

1. e4 {[%emt 0:00:30]} c5 {[%emt 0:00:30]} 2. Nf3 {[%emt 0:00:30]} d6 {[%emt 0:00:30]} 3. d4 {[%emt 0:00:30]} cxd4 {[%emt 0:00:30]} 4. Nxd4 {[%emt 0:00:30]} Nf6 {[%emt 0:00:30]} 5. Nc3 {[%emt 0:00:30]} a6 {[%emt 0:00:30]} 6. Bc4 {[%emt 0:00:30]} e5 {[%emt 0:00:00]} 7. Nde2 {[%emt 0:00:00]} Be6 {[%emt 0:00:00]} 8. Bb3 {[%emt 0:00:00]} Be7 {[%emt 0:00:30]} 9. Ng3 {[%emt 0:00:00]} O-O {[%emt 0:01:30]} 10. O-O {[%emt 0:00:00]} Nbd7 {[%emt 0:06:30]} 11. h3 {[%emt 0:07:30]} Nc5 {[%emt 0:01:30]} 12. Bg5 {[%emt 0:01:30]} Nxb3 {[%emt 0:01:30]} 13. axb3 {[%emt 0:00:30]} b5 {[%emt 0:00:30]} 14. Bxf6 {[%emt 0:00:30]} Bxf6 {[%emt 0:00:30]} 15. Nd5 {[%emt 0:00:30]} Be7 {[%emt 0:06:30]} 16. Qd3 {[%emt 0:13:30]} Bxd5 {[%emt 0:01:30]} 17. Qxd5 {[%emt 0:00:30]} g6 {[%emt 0:00:30]} 18. Rfd1 {[%emt 0:00:30]} Qc7 {[%emt 0:01:30]} 19. c3 {[%emt 0:00:30]} Rfd8 {[%emt 0:00:30]} 20. Qd2 {[%emt 0:02:30]} Qc6 {[%emt 0:03:30]} 21. Qd3 {[%emt 0:12:30]} Rac8 {[%emt 0:07:30]} 22. Qf3 {[%emt 0:00:30]} Bf8 {[%emt 0:04:30]} 23. Rd5 {[%emt 0:00:30]} Bg7 {[%emt 0:00:30]} 24. Rad1 {[%emt 0:00:30]} Rc7 {[%emt 0:03:30]} 25. h4 {[%emt 0:06:30]} Qb6 {[%emt 0:07:30]} 26. Nf1 {[%emt 0:01:30]} Rcd7 {[%emt 0:12:30]} 27. Ne3 {[%emt 0:00:30]} Bh6 {[%emt 0:02:30]} 28. Ng4 {[%emt 0:00:30]} Bg7 {[%emt 0:00:30]} 29. h5 {[%emt 0:00:30]} f5 {[%emt 0:09:30]} 30. exf5 {[%emt 0:04:30]} gxh5 {[%emt 0:07:30]} 31. Ne3 {[%emt 0:04:30]} Bh6 {[%emt 0:03:56]} 32. R5d3 {[%emt 0:03:30]} Bxe3 {[%emt 0:01:03]} 33. Rxe3 {[%emt 0:00:30]} Rg7 {[%emt 0:02:04]} 34. Qxh5 {[%emt 0:07:30]} a5 {[%emt 0:02:35]} 35. Rdd3 {[%emt 0:07:30]} Qc6 {[%emt 0:05:35]} 36. Rg3 {[%emt 0:00:00]} Rxg3 {[%emt 0:00:51]} 37. Rxg3+ {[%emt 0:00:00]} Kh8 {[%emt 0:00:59]} 38. Qg5 {[%emt 0:03:30]} Qd7 {[%emt 0:02:15]} 39. Qf6+ {[%emt 0:00:00]} Qg7 {[%emt 0:00:00]} 40. Qxg7# {[%emt 0:00:00]} 1-0

[Event "Turkish Second League 2019"]
[Site "Konya"]
[Date "2019.07.23"]
[Round "3"]
[White "Ozbek, Busra"]
[Black "Catal, Uktenur"]
[Result "1-0"]
[WhiteElo "1866"]
[BlackElo "1885"]
[Annotator "NA"]
[PlyCount "87"]
[EventDate "2019.07.22"]
[EventType "team-tourn"]
[EventCountry "TUR"]
[SourceTitle "playchess.com"]
[Source "ChessBase"]
[SourceQuality "1"]
[TimeControl "5400+30"]

1. d4 Nf6 2. Nf3 e6 3. e3 b6 4. Bd3 Bb7 5. b3 c5 6. Bb2 Nc6 7. a3 Be7 8. O-O O-O 9. c4 Rc8 10. Nc3 d5 11. cxd5 exd5 12. Bf5 Ra8 13. Rc1 cxd4 14. exd4 g6 15. Bb1 Nh5 16. b4 Bf6 17. Ba2 Ne7 18. Re1 Bg7 19. Ne5 Nf4 20. Qf3 Ne6 21. Rcd1 h5 22. Bb1 a6 23. Bc1 Qd6 24. Qe3 Rae8 25. b5 Nc7 26. bxa6 Bxa6 27. Qg3 Nc6 28. f4 Na5 29. Na2 Nb5 30. Nb4 Bb7 31. Qd3 Nc7 32. Be3 Rc8 33. Bf2 Ne6 34. f5 Ng5 35. fxg6 f6 36. Nf7 Nxf7 37. gxf7+ Rxf7 38. Qh7+ Kf8 39. Bf5 Re8 40. Rxe8+ Kxe8 41. Bg6 Kf8 42. Bxf7 Kxf7 43. Qxh5+ Kg8 44. Re1 1-0

[Event "Turkish Second League 2019"]
[Site "Konya"]
[Date "2019.07.23"]
[Round "3"]
[White "Ilkimen, Mehmet Emre"]
[Black "Demirbag, Alihan"]
[Result "0-1"]
[WhiteElo "1863"]
[BlackElo "2087"]
[Annotator "NA"]
[PlyCount "74"]
[EventDate "2019.07.22"]
[EventType "team-tourn"]
[EventCountry "TUR"]
[SourceTitle "playchess.com"]
[Source "ChessBase"]
[SourceQuality "1"]
[TimeControl "5400+30"]

1. d4 {[%emt 0:00:30]} Nf6 {[%emt 0:00:30]} 2. Bg5 {[%emt 0:00:30]} Ne4 {[%emt 0:00:30]} 3. Bf4 {[%emt 0:02:30]} e6 {[%emt 0:00:30]} 4. f3 {[%emt 0:04:30]} Bd6 {[%emt 0:00:30]} 5. Bxd6 {[%emt 0:05:30]} Nxd6 {[%emt 0:00:00]} 6. e4 {[%emt 0:06:30]} f5 {[%emt 0:00:00]} 7. e5 {[%emt 0:03:30]} Nf7 {[%emt 0:00:30]} 8. f4 {[%emt 0:07:30]} d6 {[%emt 0:00:00]} 9. Nf3 {[%emt 0:01:30]} O-O {[%emt 0:07:00]} 10. c4 {[%emt 0:06:30]} c5 {[%emt 0:02:30]} 11. dxc5 {[%emt 0:05:30]} Qa5+ {[%emt 0:08:30]} 12. Nc3 {[%emt 0:12:30]} dxe5 {[%emt 0:00:00]} 13. fxe5 {[%emt 0:08:30]} Nc6 {[%emt 0:01:00]} 14. Qe2 {[%emt 0:11:51]} Qxc5 {[%emt 0:00:30]} 15. O-O-O {[%emt 0:00:55]} b6 {[%emt 0:03:30]} 16. Re1 {[%emt 0:02:08]} Ba6 {[%emt 0:00:30]} 17. Qe3 {[%emt 0:01:13]} Qe7 {[%emt 0:02:30]} 18. h4 {[%emt 0:05:00]} Rac8 {[%emt 0:00:30]} 19. c5 {[%emt 0:04:17]} Bxf1 {[%emt 0:00:30]} 20. Rhxf1 {[%emt 0:00:00]} Qxc5 {[%emt 0:01:30]} 21. Qxc5 {[%emt 0:03:50]} bxc5 {[%emt 0:00:30]} 22. Rd1 {[%emt 0:03:19]} Rfd8 {[%emt 0:01:30]} 23. Rxd8+ {[%emt 0:01:25]} Rxd8 {[%emt 0:05:30]} 24. Re1 {[%emt 0:00:09]} Kf8 {[%emt 0:03:30]} 25. a3 {[%emt 0:00:29]} Ke7 {[%emt 0:00:30]} 26. Kc2 {[%emt 0:01:00]} Nd4+ {[%emt 0:02:30]} 27. Nxd4 {[%emt 0:02:02]} cxd4 {[%emt 0:00:30]} 28. Nb5 {[%emt 0:00:46]} a6 {[%emt 0:00:00]} 29. Na7 {[%emt 0:00:22]} Kd7 {[%emt 0:00:00]} 30. Rd1 {[%emt 0:00:23]} Kc7 {[%emt 0:00:00]} 31. Kd3 {[%emt 0:00:06]} Nxe5+ {[%emt 0:00:00]} 32. Kd2 {[%emt 0:00:06]} Kb7 {[%emt 0:00:30]} 33. Re1 {[%emt 0:00:46]} Rd5 {[%emt 0:00:00]} 34. Rc1 {[%emt 0:00:31]} Kxa7 {[%emt 0:00:00]} 35. Rc7+ {[%emt 0:00:00]} Kb6 {[%emt 0:00:30]} 36. Rxg7 {[%emt 0:00:00]} Rd7 {[%emt 0:00:00]} 37. Rg8 {[%emt 0:00:07]} Nc4+ {[%emt 0:00:00]} 0-1

[Event "Turkish Second League 2019"]
[Site "Konya"]
[Date "2019.07.23"]
[Round "3"]
[White "Kayan, Veli"]
[Black "Ciblakbas, Sertan"]
[Result "1-0"]
[WhiteElo "1863"]
[BlackElo "1729"]
[Annotator "NA"]
[PlyCount "123"]
[EventDate "2019.07.22"]
[EventType "team-tourn"]
[EventCountry "TUR"]
[SourceTitle "playchess.com"]
[Source "ChessBase"]
[SourceQuality "1"]
[TimeControl "5400+30"]

1. d4 {[%emt 0:00:30]} Nf6 {[%emt 0:00:30]} 2. Nf3 {[%emt 0:00:30]} d5 {[%emt 0:00:30]} 3. c3 {[%emt 0:00:30]} e6 {[%emt 0:00:30]} 4. Bg5 {[%emt 0:00:00]} Be7 {[%emt 0:04:30]} 5. Nbd2 {[%emt 0:01:00]} Nbd7 {[%emt 0:03:30]} 6. Qc2 {[%emt 0:00:30]} b6 {[%emt 0:07:30]} 7. e3 {[%emt 0:03:30]} Bb7 {[%emt 0:00:30]} 8. a4 {[%emt 0:01:30]} c5 {[%emt 0:08:30]} 9. h4 {[%emt 0:06:30]} Rc8 {[%emt 0:13:30]} 10. g3 {[%emt 0:02:30]} Qc7 {[%emt 0:02:30]} 11. a5 {[%emt 0:12:30]} Bd6 {[%emt 0:05:30]} 12. axb6 {[%emt 0:02:30]} axb6 {[%emt 0:00:30]} 13. Ra7 {[%emt 0:01:30]} Ra8 {[%emt 0:05:30]} 14. Rxa8+ {[%emt 0:00:30]} Bxa8 {[%emt 0:00:00]} 15. Bf4 {[%emt 0:02:30]} Bc6 {[%emt 0:01:00]} 16. Bh3 {[%emt 0:02:30]} h6 {[%emt 0:09:30]} 17. O-O {[%emt 0:05:30]} O-O {[%emt 0:03:30]} 18. Ra1 {[%emt 0:04:30]} Ne4 {[%emt 0:05:30]} 19. Nxe4 {[%emt 0:03:30]} dxe4 {[%emt 0:00:30]} 20. Bxd6 {[%emt 0:00:30]} Qxd6 {[%emt 0:00:30]} 21. Nd2 {[%emt 0:00:30]} cxd4 {[%emt 0:01:30]} 22. cxd4 {[%emt 0:01:30]} f5 {[%emt 0:05:30]} 23. Bf1 {[%emt 0:00:30]} Bd5 {[%emt 0:04:57]} 24. Bb5 {[%emt 0:02:30]} Nf6 {[%emt 0:01:09]} 25. Ra7 {[%emt 0:02:30]} Ra8 {[%emt 0:06:11]} 26. Rxa8+ {[%emt 0:00:30]} Bxa8 {[%emt 0:00:04]} 27. Qc8+ {[%emt 0:00:00]} Kh7 {[%emt 0:00:43]} 28. Qxa8 {[%emt 0:04:00]} Qb4 {[%emt 0:00:18]} 29. Qc6 {[%emt 0:02:30]} Qxd2 {[%emt 0:00:24]} 30. Qxe6 {[%emt 0:01:30]} Qd1+ {[%emt 0:01:58]} 31. Bf1 {[%emt 0:01:30]} Qf3 {[%emt 0:00:22]} 32. Bh3 {[%emt 0:08:30]} Ng4 {[%emt 0:03:31]} 33. Bxg4 {[%emt 0:00:30]} Qxg4 {[%emt 0:01:08]} 34. Qb3 {[%emt 0:00:30]} Qf3 {[%emt 0:01:08]} 35. Qc2 {[%emt 0:05:30]} Kg6 {[%emt 0:01:25]} 36. Kf1 {[%emt 0:01:30]} Qh1+ {[%emt 0:00:37]} 37. Ke2 {[%emt 0:00:30]} Qf3+ {[%emt 0:00:52]} 38. Ke1 {[%emt 0:00:30]} Qh1+ {[%emt 0:00:05]} 39. Kd2 {[%emt 0:00:30]} Qf1 {[%emt 0:00:07]} 40. Kc3 {[%emt 0:00:30]} Qb5 {[%emt 0:00:25]} 41. b3 {[%emt 0:00:30]} Qa5+ {[%emt 0:00:29]} 42. Kb2 {[%emt 0:00:30]} b5 {[%emt 0:00:20]} 43. Qc3 {[%emt 0:02:49]} b4 {[%emt 0:01:11]} 44. Qc4 {[%emt 0:00:14]} Kh5 {[%emt 0:01:31]} 45. d5 {[%emt 0:02:15]} Kg4 {[%emt 0:01:22]} 46. Qe2+ {[%emt 0:02:42]} Kh3 {[%emt 0:00:06]} 47. Qf1+ {[%emt 0:00:11]} Kg4 {[%emt 0:01:08]} 48. Qd1+ {[%emt 0:00:03]} Kh3 {[%emt 0:00:00]} 49. d6 {[%emt 0:00:09]} Qd8 {[%emt 0:01:30]} 50. d7 {[%emt 0:00:10]} Kg2 {[%emt 0:00:12]} 51. Qd2 {[%emt 0:01:06]} Kf3 {[%emt 0:00:29]} 52. Kc2 {[%emt 0:00:48]} g5 {[%emt 0:01:10]} 53. hxg5 {[%emt 0:00:04]} hxg5 {[%emt 0:00:00]} 54. Kd1 {[%emt 0:00:17]} Kg2 {[%emt 0:00:36]} 55. f4+ {[%emt 0:01:30]} Kxg3 {[%emt 0:00:58]} 56. fxg5 {[%emt 0:00:10]} Kf3 {[%emt 0:00:00]} 57. g6 {[%emt 0:01:29]} f4 {[%emt 0:00:12]} 58. exf4 {[%emt 0:01:15]} e3 {[%emt 0:00:03]} 59. Qd3 {[%emt 0:01:03]} Qh8 {[%emt 0:01:10]} 60. Qf1+ {[%emt 0:01:25]} Ke4 {[%emt 0:00:25]} 61. Qg2+ {[%emt 0:01:11]} Kd4 {[%emt 0:00:38]} 62. Qb2+ {[%emt 0:00:03]} 1-0

[Event "Turkish Second League 2019"]
[Site "Konya"]
[Date "2019.07.23"]
[Round "3"]
[White "Erdogan, Yunus Emre"]
[Black "Karaoglan, Doruk"]
[Result "0-1"]
[WhiteElo "1833"]
[BlackElo "2278"]
[Annotator "NA"]
[PlyCount "72"]
[EventDate "2019.07.22"]
[EventType "team-tourn"]
[EventCountry "TUR"]
[SourceTitle "playchess.com"]
[Source "ChessBase"]
[SourceQuality "1"]
[TimeControl "5400+30"]

1. e4 {[%emt 0:00:30]} c5 {[%emt 0:00:30]} 2. Nf3 {[%emt 0:00:30]} d6 {[%emt 0:00:30]} 3. Bb5+ {[%emt 0:00:00]} Nd7 {[%emt 0:02:30]} 4. d4 {[%emt 0:00:00]} Ngf6 {[%emt 0:04:30]} 5. Nc3 {[%emt 0:07:30]} cxd4 {[%emt 0:02:30]} 6. Qxd4 {[%emt 0:00:30]} e5 {[%emt 0:02:30]} 7. Qd3 {[%emt 0:00:30]} h6 {[%emt 0:00:30]} 8. O-O {[%emt 0:00:30]} a6 {[%emt 0:05:30]} 9. Bxd7+ {[%emt 0:00:30]} Bxd7 {[%emt 0:00:00]} 10. h3 {[%emt 0:00:00]} Be7 {[%emt 0:01:00]} 11. Re1 {[%emt 0:00:00]} O-O {[%emt 0:02:30]} 12. a4 {[%emt 0:10:30]} Rc8 {[%emt 0:09:30]} 13. Be3 {[%emt 0:04:30]} Be6 {[%emt 0:04:30]} 14. a5 {[%emt 0:06:30]} Qd7 {[%emt 0:07:30]} 15. Bb6 {[%emt 0:12:30]} Qc6 {[%emt 0:04:30]} 16. Rac1 {[%emt 0:05:30]} Bd8 {[%emt 0:04:30]} 17. Bxd8 {[%emt 0:05:30]} Rfxd8 {[%emt 0:00:30]} 18. Qd2 {[%emt 0:00:30]} Qc7 {[%emt 0:07:30]} 19. Nd5 {[%emt 0:07:30]} Bxd5 {[%emt 0:01:30]} 20. exd5 {[%emt 0:00:30]} Qc4 {[%emt 0:00:30]} 21. Red1 {[%emt 0:01:30]} Rc5 {[%emt 0:02:30]} 22. b3 {[%emt 0:03:30]} Qxd5 {[%emt 0:12:30]} 23. Qe2 {[%emt 0:00:30]} Qe6 {[%emt 0:01:30]} 24. b4 {[%emt 0:00:30]} Rc4 {[%emt 0:01:30]} 25. c3 {[%emt 0:02:30]} Rdc8 {[%emt 0:00:30]} 26. Qd2 {[%emt 0:00:30]} Ne4 {[%emt 0:00:00]} 27. Qd5 {[%emt 0:08:30]} Qxd5 {[%emt 0:00:00]} 28. Rxd5 {[%emt 0:00:30]} Nxc3 {[%emt 0:00:00]} 29. Rxc3 {[%emt 0:00:30]} Rxc3 {[%emt 0:00:00]} 30. Rxd6 {[%emt 0:00:00]} f6 {[%emt 0:00:30]} 31. Rb6 {[%emt 0:00:00]} R8c7 {[%emt 0:00:00]} 32. Nh4 {[%emt 0:00:30]} R3c6 {[%emt 0:00:00]} 33. Nf5 {[%emt 0:00:30]} Rxb6 {[%emt 0:01:30]} 34. axb6 {[%emt 0:00:30]} Rc1+ {[%emt 0:00:30]} 35. Kh2 {[%emt 0:00:30]} Rb1 {[%emt 0:00:00]} 36. Nxh6+ {[%emt 0:03:36]} gxh6 {[%emt 0:01:00]} 0-1

[Event "Turkish Second League 2019"]
[Site "Konya"]
[Date "2019.07.23"]
[Round "3"]
[White "Ozcan, Kadir Kutay"]
[Black "Ozenir, Ekin Baris"]
[Result "1/2-1/2"]
[WhiteElo "1832"]
[BlackElo "2235"]
[Annotator "NA"]
[PlyCount "102"]
[EventDate "2019.07.22"]
[EventType "team-tourn"]
[EventCountry "TUR"]
[SourceTitle "playchess.com"]
[Source "ChessBase"]
[SourceQuality "1"]
[TimeControl "5400+30"]

1. e4 {[%emt 0:00:30]} Nf6 {[%emt 0:00:30]} 2. e5 {[%emt 0:00:30]} Nd5 {[%emt 0:00:30]} 3. d4 {[%emt 0:00:30]} d6 {[%emt 0:00:30]} 4. c4 {[%emt 0:00:30]} Nb6 {[%emt 0:00:30]} 5. exd6 {[%emt 0:00:00]} exd6 {[%emt 0:00:00]} 6. Nc3 {[%emt 0:00:00]} Be7 {[%emt 0:00:00]} 7. h3 {[%emt 0:00:30]} O-O {[%emt 0:02:30]} 8. Nf3 {[%emt 0:00:00]} Bf6 {[%emt 0:04:30]} 9. Be2 {[%emt 0:01:00]} Re8 {[%emt 0:03:30]} 10. O-O {[%emt 0:01:30]} Bf5 {[%emt 0:03:30]} 11. Bf4 {[%emt 0:15:30]} Nc6 {[%emt 0:06:30]} 12. Rc1 {[%emt 0:04:30]} h6 {[%emt 0:07:30]} 13. Qd2 {[%emt 0:08:30]} Qd7 {[%emt 0:06:30]} 14. d5 {[%emt 0:09:30]} Ne5 {[%emt 0:06:30]} 15. Nxe5 {[%emt 0:01:30]} Bxe5 {[%emt 0:08:30]} 16. Bxe5 {[%emt 0:00:30]} Rxe5 {[%emt 0:03:30]} 17. f4 {[%emt 0:02:30]} Re7 {[%emt 0:01:30]} 18. g4 {[%emt 0:03:30]} Be4 {[%emt 0:08:30]} 19. f5 {[%emt 0:12:30]} Re5 {[%emt 0:14:30]} 20. Nxe4 {[%emt 0:06:30]} Rxe4 {[%emt 0:00:30]} 21. Bd3 {[%emt 0:00:30]} Re5 {[%emt 0:00:00]} 22. f6 {[%emt 0:00:30]} Qd8 {[%emt 0:02:25]} 23. fxg7 {[%emt 0:01:30]} Qg5 {[%emt 0:03:12]} 24. Rf4 {[%emt 0:03:30]} Nd7 {[%emt 0:03:39]} 25. Qf2 {[%emt 0:04:30]} Re7 {[%emt 0:02:47]} 26. Rf1 {[%emt 0:03:02]} Ne5 {[%emt 0:01:02]} 27. Bf5 {[%emt 0:03:21]} b6 {[%emt 0:02:07]} 28. h4 {[%emt 0:02:43]} Qxg7 {[%emt 0:00:05]} 29. Kh1 {[%emt 0:05:39]} Rae8 {[%emt 0:01:18]} 30. Rg1 {[%emt 0:01:27]} Ng6 {[%emt 0:01:05]} 31. Bxg6 {[%emt 0:02:23]} Qxg6 {[%emt 0:01:52]} 32. g5 {[%emt 0:02:08]} h5 {[%emt 0:00:52]} 33. Rf6 {[%emt 0:01:26]} Qe4+ {[%emt 0:01:14]} 34. Rg2 {[%emt 0:00:43]} Qe1+ {[%emt 0:00:44]} 35. Kh2 {[%emt 0:02:22]} Qxf2 {[%emt 0:02:04]} 36. Rgxf2 {[%emt 0:00:19]} Re4 {[%emt 0:01:21]} 37. Rxf7 {[%emt 0:00:55]} Rxh4+ {[%emt 0:00:04]} 38. Kg3 {[%emt 0:01:31]} Rxc4 {[%emt 0:00:07]} 39. Rd7 {[%emt 0:00:00]} Re5 {[%emt 0:01:34]} 40. Rff7 {[%emt 0:00:40]} Rxg5+ {[%emt 0:01:05]} 41. Kf3 {[%emt 0:00:05]} a5 {[%emt 0:01:10]} 42. Rfe7 {[%emt 0:00:30]} Rf5+ {[%emt 0:00:34]} 43. Kg3 {[%emt 0:00:06]} Rg4+ {[%emt 0:01:03]} 44. Kh3 {[%emt 0:00:02]} Kf8 {[%emt 0:00:03]} 45. Rxc7 {[%emt 0:00:56]} Rxd5 {[%emt 0:00:31]} 46. Rh7 {[%emt 0:00:32]} Kg8 {[%emt 0:00:22]} 47. Rhd7 {[%emt 0:00:10]} Rd3+ {[%emt 0:00:50]} 48. Kh2 {[%emt 0:00:05]} Rd2+ {[%emt 0:00:12]} 49. Kh3 {[%emt 0:00:08]} Rd3+ {[%emt 0:00:29]} 50. Kh2 {[%emt 0:00:01]} Rd2+ {[%emt 0:00:54]} 51. Kh3 {[%emt 0:00:05]} Rd3+ {[%emt 0:00:11]} 1/2-1/2

[Event "Turkish Second League 2019"]
[Site "Konya"]
[Date "2019.07.23"]
[Round "3"]
[White "Kaygisiz, Ilayda"]
[Black "Kara, Gulce Nehir"]
[Result "1/2-1/2"]
[WhiteElo "1775"]
[BlackElo "1767"]
[Annotator "NA"]
[PlyCount "91"]
[EventDate "2019.07.22"]
[EventType "team-tourn"]
[EventCountry "TUR"]
[SourceTitle "playchess.com"]
[Source "ChessBase"]
[SourceQuality "1"]
[TimeControl "5400+30"]

1. d4 {[%emt 0:00:30]} d5 {[%emt 0:02:30]} 2. c4 {[%emt 0:00:30]} e6 {[%emt 0:00:30]} 3. Nf3 {[%emt 0:00:30]} Nf6 {[%emt 0:00:00]} 4. g3 {[%emt 0:00:30]} dxc4 {[%emt 0:01:00]} 5. Qa4+ {[%emt 0:01:30]} Nbd7 {[%emt 0:02:30]} 6. Qxc4 {[%emt 0:00:30]} a6 {[%emt 0:02:30]} 7. Bg2 {[%emt 0:01:30]} b5 {[%emt 0:10:30]} 8. Qc2 {[%emt 0:06:30]} Bb7 {[%emt 0:01:30]} 9. O-O {[%emt 0:01:30]} c5 {[%emt 0:04:30]} 10. a4 {[%emt 0:09:30]} Qb6 {[%emt 0:04:30]} 11. axb5 {[%emt 0:17:30]} axb5 {[%emt 0:00:30]} 12. Rxa8+ {[%emt 0:00:30]} Bxa8 {[%emt 0:00:00]} 13. Na3 {[%emt 0:07:30]} Bc6 {[%emt 0:16:00]} 14. Bg5 {[%emt 0:07:30]} c4 {[%emt 0:09:30]} 15. Ne5 {[%emt 0:07:30]} Bxg2 {[%emt 0:07:30]} 16. Kxg2 {[%emt 0:01:30]} Qxd4 {[%emt 0:14:30]} 17. Nxd7 {[%emt 0:00:30]} Qxd7 {[%emt 0:02:55]} 18. Bxf6 {[%emt 0:02:30]} gxf6 {[%emt 0:00:22]} 19. Qc3 {[%emt 0:02:30]} Be7 {[%emt 0:01:26]} 20. Qa5 {[%emt 0:01:30]} Qd5+ {[%emt 0:02:07]} 21. f3 {[%emt 0:00:30]} O-O {[%emt 0:02:32]} 22. Qxb5 {[%emt 0:04:30]} Qxb5 {[%emt 0:02:41]} 23. Nxb5 {[%emt 0:00:30]} Rb8 {[%emt 0:00:03]} 24. Nd4 {[%emt 0:02:30]} Rxb2 {[%emt 0:02:38]} 25. Rc1 {[%emt 0:00:30]} Bc5 {[%emt 0:01:44]} 26. Rxc4 {[%emt 0:00:30]} Bxd4 {[%emt 0:00:35]} 27. Rxd4 {[%emt 0:00:30]} Rxe2+ {[%emt 0:00:00]} 28. Kg1 {[%emt 0:02:30]} f5 {[%emt 0:02:17]} 29. h4 {[%emt 0:01:11]} e5 {[%emt 0:00:51]} 30. Rd8+ {[%emt 0:01:13]} Kg7 {[%emt 0:00:05]} 31. Kf1 {[%emt 0:00:00]} Ra2 {[%emt 0:01:17]} 32. Re8 {[%emt 0:00:07]} f6 {[%emt 0:00:57]} 33. Re7+ {[%emt 0:00:09]} Kg6 {[%emt 0:01:21]} 34. Re8 {[%emt 0:00:56]} Ra4 {[%emt 0:03:35]} 35. Kf2 {[%emt 0:02:05]} e4 {[%emt 0:00:35]} 36. fxe4 {[%emt 0:01:40]} fxe4 {[%emt 0:00:46]} 37. Ke3 {[%emt 0:03:39]} f5 {[%emt 0:00:32]} 38. Re6+ {[%emt 0:00:57]} Kf7 {[%emt 0:00:44]} 39. Rh6 {[%emt 0:00:35]} Kg7 {[%emt 0:00:31]} 40. Re6 {[%emt 0:01:56]} Ra3+ {[%emt 0:01:02]} 41. Kf2 {[%emt 0:00:07]} Rf3+ {[%emt 0:00:00]} 42. Kg2 {[%emt 0:00:07]} Ra3 {[%emt 0:00:46]} 43. Kf2 {[%emt 0:00:05]} Kf7 {[%emt 0:00:00]} 44. Rh6 {[%emt 0:00:15]} Ra2+ {[%emt 0:00:27]} 45. Kf1 {[%emt 0:01:56]} Kg7 {[%emt 0:01:31]} 46. Re6 {[%emt 0:00:07]} 1/2-1/2

[Event "Turkish Second League 2019"]
[Site "Konya"]
[Date "2019.07.23"]
[Round "3"]
[White "Yildiz, Talat"]
[Black "Kartal, Koray"]
[Result "1-0"]
[WhiteElo "1772"]
[BlackElo "2002"]
[Annotator "NA"]
[PlyCount "48"]
[EventDate "2019.07.22"]
[EventType "team-tourn"]
[EventCountry "TUR"]
[SourceTitle "playchess.com"]
[Source "ChessBase"]
[SourceQuality "1"]
[TimeControl "5400+30"]

1. e4 {[%emt 0:00:30]} e5 {[%emt 0:00:30]} 2. Nf3 {[%emt 0:00:30]} Nc6 {[%emt 0:00:30]} 3. d4 {[%emt 0:00:30]} exd4 {[%emt 0:00:30]} 4. Bc4 {[%emt 0:00:30]} Nf6 {[%emt 0:00:30]} 5. O-O {[%emt 0:00:00]} Nxe4 {[%emt 0:00:30]} 6. Re1 {[%emt 0:00:00]} d5 {[%emt 0:00:30]} 7. Bxd5 {[%emt 0:00:00]} Qxd5 {[%emt 0:00:30]} 8. Nc3 {[%emt 0:00:00]} Qd8 {[%emt 0:13:30]} 9. Rxe4+ {[%emt 0:01:30]} Be6 {[%emt 0:07:30]} 10. Nxd4 {[%emt 0:01:30]} Nxd4 {[%emt 0:02:30]} 11. Rxd4 {[%emt 0:00:00]} Qc8 {[%emt 0:02:30]} 12. Bg5 {[%emt 0:04:00]} Be7 {[%emt 0:05:30]} 13. Bxe7 {[%emt 0:02:30]} Kxe7 {[%emt 0:00:00]} 14. Qh5 {[%emt 0:02:30]} c5 {[%emt 0:12:00]} 15. Qg5+ {[%emt 0:03:30]} Kf8 {[%emt 0:02:30]} 16. Rd6 {[%emt 0:01:30]} h6 {[%emt 0:03:30]} 17. Qe5 {[%emt 0:02:30]} Kg8 {[%emt 0:05:30]} 18. Nd5 {[%emt 0:08:30]} Kh7 {[%emt 0:09:30]} 19. Ne7 {[%emt 0:03:30]} Qe8 {[%emt 0:07:30]} 20. Qe4+ {[%emt 0:04:30]} g6 {[%emt 0:01:30]} 21. Nxg6 {[%emt 0:00:30]} Bxa2 {[%emt 0:02:30]} 22. Ne5+ {[%emt 0:06:30]} Kg7 {[%emt 0:06:05]} 23. Rxa2 {[%emt 0:00:30]} Qe7 {[%emt 0:03:26]} 24. Rd7 {[%emt 0:00:30]} Qd8 {[%emt 0:00:53]} 1-0